000
00295nam a22001337a 4500
008
180312b xxu||||| |||| 00| 0 eng d
020
_a
9780760716359
041
_a
eng
080
_a
7
100
_a
42
101
_a
ART
245
_a
THE COMPLETE DRAWING COURSE
_c
SMITH.S
942
_2
udc
_c
BK
999
_c
44694
_d
44694